Intercommunalités de la Seine-et-Marne - Statistiques

Statistiques générales
  • Ce quiz a été pris 39 fois
  • Le résultat moyen est 9 sur 21
Statistiques - réponses
Nombres de Communes Intercommunalités % Correct
12 Communauté d'agglomération Paris - Vallée de la Marne
81%
26 Communauté d'agglomération Pays de Meaux
81%
20 Communauté d'agglomération Melun Val de Seine
78%
26 Communauté d'agglomération du Pays de Fontainebleau
74%
39 Communauté de communes du Provinois
70%
20 Communauté d'Agglomération de Marne et Gondoire
56%
54 Communauté d'agglomération Coulommiers Pays de Brie
52%
31 Communauté de communes des Deux Morin
52%
21 Communauté de communes du Pays de Montereau
44%
21 Communauté de communes Pays de Nemours
41%
10 Val d'Europe Agglomération
37%
18 Communauté de communes Moret Seine et Loing
33%
20 Communauté de communes Plaines et Monts de France
30%
04 (dont 01 dans l'Essonne) Communauté de communes de l'Orée de la Brie
22%
42 Communauté de communes de la Bassée - Montois
19%
20 Communauté de communes de la Brie Nangissienne
19%
22 Communauté de communes du Pays de l'Ourcq
19%
05 Communauté de communes Les Portes Briardes Entre Villes et Forêts
19%
31 Communauté de communes Brie des Rivières et Châteaux
15%
21 Communauté de communes du Val Briard
7%
20 Communauté de communes Gâtinais-Val de Loing
7%
Aucun quiz correspondant
Distribution des résultats
% des personnes avec chaque résultat
Percentile par nombre de réponses
Votre historique - résultats
Vous n’avez pas pris ce quiz